000 00248nam a2200097Ia 4500
001 920114
005 20250826191402.0
008 250824s9999 xx 000 0 und d
245 0 _aKURAN İLİMLERİ
_cSUBHİ ES SALİH
260 _bHİKMETEVİ YAYINLARI
999 _c920114
_d920114